00444nam a22001577a 450000500170000001000150001702000260003203500130005803700130007108200120008410000210009624500510011726000380016827000520020630000280025820160725110222.0 aENG-115510 a9789381384862c120.00 aEN-99042 bDBAD/PUB a808.882 aSawhney,Clifford aMedical Jokes & Humour /cby Clifford Sawhney aNew DelhibV & S Publishersc2015 aF-2/16,Ansari Road,DaryaganjbNew Delhie110002 a168p. :c21cm(pbk)bill